| 000 | 00521nam a2200169Ia 4500 | ||
|---|---|---|---|
| 003 | IN-BaIIA | ||
| 008 | 211028s9999 xx 000 0 eng d | ||
| 020 | _a0-521-47770-0 | ||
| 040 | _cIIA Library | ||
| 080 |
_a551.21:523 _bFRA |
||
| 100 |
_aFrankel, Charles _921651 |
||
| 245 | 0 |
_aVolcanoes of the solar system _cCharles Frankel |
|
| 260 |
_aCambridge _bCambridge University Press _c1996 |
||
| 300 | _axiii, 232p. | ||
| 650 |
_aVolcanoes, Solar system _921652 |
||
| 942 | _cBK | ||
| 999 |
_c12380 _d12380 |
||